Advanced energy materials / (Record no. 18244)
[ view plain ]
| 000 -LEADER | |
|---|---|
| fixed length control field | 00939cam a22002538i 4500 |
| 001 - CONTROL NUMBER | |
| control field | 18030911 |
| 005 - DATE AND TIME OF LATEST TRANSACTION | |
| control field | 20140430110427.0 |
| 008 - FIXED-LENGTH DATA ELEMENTS--GENERAL INFORMATION | |
| fixed length control field | 140430t2014 xxua frb 001 0 eng d |
| 020 ## - INTERNATIONAL STANDARD BOOK NUMBER | |
| International Standard Book Number | 9781118686294 |
| 082 00 - DEWEY DECIMAL CLASSIFICATION NUMBER | |
| Classification number | 621.310284 |
| Edition number | 22 |
| Item number | ADV |
| 245 00 - TITLE STATEMENT | |
| Title | Advanced energy materials / |
| Statement of responsibility, etc | edited by Ashutosh Tiwari and Sergiy Valyukh. |
| 260 ## - PUBLICATION, DISTRIBUTION, ETC. (IMPRINT) | |
| Place of publication, distribution, etc | Salem, United States : |
| Name of publisher, distributor, etc | Scrivener Publishing LLC. ; |
| Place of publication, distribution, etc | Hoboken, United States : |
| Name of publisher, distributor, etc | John Wiley & Sons, |
| Date of publication, distribution, etc | c.2014. |
| 300 ## - PHYSICAL DESCRIPTION | |
| Extent | xvii, 591 p. : |
| Other physical details | ill. ; |
| Dimensions | 24 cm. |
| 500 ## - GENERAL NOTE | |
| General note | Index : p. 585-591. |
| 504 ## - BIBLIOGRAPHY, ETC. NOTE | |
| Bibliography, etc | Includes bibliographical references. |
| 650 #0 - SUBJECT ADDED ENTRY--TOPICAL TERM | |
| Topical term or geographic name as entry element | Renewable energy sources |
| General subdivision | Research |
| 9 (RLIN) | 35947 |
| 650 #0 - SUBJECT ADDED ENTRY--TOPICAL TERM | |
| Topical term or geographic name as entry element | Energy storage |
| General subdivision | Materials |
| 9 (RLIN) | 35948 |
| 650 #0 - SUBJECT ADDED ENTRY--TOPICAL TERM | |
| Topical term or geographic name as entry element | Solar energy |
| General subdivision | Materials |
| 9 (RLIN) | 35949 |
| 653 ## - INDEX TERM--UNCONTROLLED | |
| Resource For college | Engineering, Mechanical |
| Arrived date list | April2014 |
| 655 ## - INDEX TERM--GENRE/FORM | |
| Form subdivision | |
| -- | 34232 |
| 700 1# - ADDED ENTRY--PERSONAL NAME | |
| Personal name | Tiwari, Ashutosh, |
| Dates associated with a name | 1978- |
| Relator term | editor. |
| 9 (RLIN) | 35950 |
| 700 1# - ADDED ENTRY--PERSONAL NAME | |
| Personal name | Valyukh, Sergiy |
| International Standard Serial Number | editor. |
| 9 (RLIN) | 35951 |
| 942 ## - ADDED ENTRY ELEMENTS (KOHA) | |
| Source of classification or shelving scheme | Dewey Decimal Classification |
| Call number prefix | 621.310284 ADV |
| Withdrawn status | Item status | Source of classification or shelving scheme | Damaged status | Not for loan | Vendor | Home library | Current library | Shelving location | Date acquired | Source of acquisition | Cost, normal purchase price | Total Checkouts | Total Renewals | Full call number | Barcode | Checked out | Date last seen | Date last borrowed | Cost, replacement price | Koha item type |
|---|---|---|---|---|---|---|---|---|---|---|---|---|---|---|---|---|---|---|---|---|
| Dewey Decimal Classification | Baccah | Central Library | Central Library | First floor | 30/04/2014 | 1280.00 | 1 | 6 | 621.310284 ADV | 000035930 | 27/12/2018 | 16/07/2014 | 16/07/2014 | 1600.00 | Book - Borrowing |